[Event "Riga Tech op-A"]
[Site "Riga"]
[Date "2023.08.07"]
[Round "1"]
[White "Dehmel, Jens"]
[Black "Willow, Jonah B"]
[Result "0-1"]
[WhiteElo "2004"]
[BlackElo "2414"]
[PlyCount "64"]
[EventDate "2023.08.07"]
[EventType "swiss"]
[EventRounds "9"]
[EventCountry "LAT"]
[SourceTitle "CBM 215 Extra"]
[Source "ChessBase"]
[SourceDate "2023.09.30"]
[SourceVersion "1"]
[SourceVersionDate "2023.09.30"]
[SourceQuality "1"]

1. d4 Nf6 2. c4 e6 3. Nc3 Bb4 4. Qc2 d5 5. a3 Bxc3+ 6. Qxc3 c5 7. dxc5 d4 8. Qg3 Nc6 9. Nf3 e5 10. Nxe5 Qa5+ 11. Bd2 Qxd2+ 12. Kxd2 Ne4+ 13. Ke1 Nxg3 14. Nxc6 Nxh1 15. Nxd4 h5 16. e3 h4 17. Bd3 Rh5 18. b4 a5 19. Nb5 Kf8 20. Nc7 Rb8 21. Ke2 h3 22. g3 Bg4+ 23. f3 Nxg3+ 24. hxg3 h2 25. Rh1 Bd7 26. b5 Rc8 27. g4 Rh6 28. Nd5 Rxc5 29. Kf2 Bxb5 30. g5 Rh8 31. Nb6 Bc6 32. Be4 Rxg5 0-1

[Event "Pardubice Czech op-A 31st"]
[Site "Pardubice"]
[Date "2020.09.27"]
[Round "8"]
[White "Dehmel, Jens"]
[Black "Rabatin, Jakub"]
[Result "1/2-1/2"]
[WhiteElo "2040"]
[BlackElo "2291"]
[PlyCount "116"]
[EventDate "2020.09.21"]
[EventType "swiss"]
[EventRounds "9"]
[EventCountry "CZE"]
[SourceTitle "CBM 198 Extra"]
[Source "ChessBase"]
[SourceDate "2020.11.30"]
[SourceVersion "1"]
[SourceVersionDate "2020.11.30"]
[SourceQuality "1"]

1. d4 Nf6 2. c4 g6 3. Nc3 Bg7 4. e4 d6 5. Nf3 0-0 6. Be2 e5 7. 0-0 Na6 8. Re1 exd4 9. Nxd4 Nc5 10. Bf1 Re8 11. f3 a5 12. Be3 c6 13. Qd2 a4 14. b4 axb3 15. axb3 Rxa1 16. Rxa1 Nfd7 17. Rb1 Ne5 18. b4 Ne6 19. Nb3 Qf6 20. Rc1 g5 21. b5 Nf4 22. bxc6 bxc6 23. Na5 h5 24. Rd1 Be6 25. Kh1 Bh6 26. Nb7 g4 27. g3 Nxf3 28. Qc1 Bg7 29. gxf4 Qxc3 30. Qxc3 Bxc3 31. Nxd6 Ra8 32. e5 Bb4 33. Ne4 Ra2 34. Bg2 Nh4 35. Bf1 Nf3 36. Bg2 Bxc4 37. Nf6+ Kg7 38. Nxh5+ Kg6 39. Ng3 Bd5 40. f5+ Kh7 41. Nh5 Be7 42. f6 Bb4 43. Nf4 Be4 44. h3 gxh3 45. Nxh3 Re2 46. Nf2 Bd5 47. Ng4 Nxe5 48. Bxd5 Nxg4 49. Be4+ Kg8 50. Rd8+ Bf8 51. Bc5 Nf2+ 52. Kg1 Nxe4 53. Rxf8+ Kh7 54. Rxf7+ Kg6 55. Rc7 Nxc5 56. Rxc6 Ne6 57. Kf1 Re5 58. Kf2 Kxf6 1/2-1/2

[Event "Pardubice Czech op-A 31st"]
[Site "Pardubice"]
[Date "2020.09.21"]
[Round "1"]
[White "Koziak, Vitali"]
[Black "Dehmel, Jens"]
[Result "1-0"]
[WhiteElo "2434"]
[BlackElo "2040"]
[PlyCount "61"]
[EventDate "2020.09.21"]
[EventType "swiss"]
[EventRounds "9"]
[EventCountry "CZE"]
[SourceTitle "CBM 198 Extra"]
[Source "ChessBase"]
[SourceDate "2020.11.30"]
[SourceVersion "1"]
[SourceVersionDate "2020.11.30"]
[SourceQuality "1"]

1. Nf3 d5 2. c4 c6 3. e3 Nf6 4. Nc3 e6 5. Qc2 Nbd7 6. d4 b6 7. Bd3 Bb7 8. 0-0 Be7 9. b3 dxc4 10. bxc4 c5 11. d5 exd5 12. cxd5 Nxd5 13. Nxd5 Bxd5 14. Rd1 Bf6 15. Bb5 Be6 16. Bxd7+ Bxd7 17. Qe4+ Kf8 18. Rxd7 Qxd7 19. Qxa8+ Ke7 20. Qe4+ Kf8 21. Nd4 cxd4 22. exd4 h6 23. Qa8+ Bd8 24. d5 f6 25. Bf4 Kf7 26. Qc6 Qxc6 27. dxc6 Be7 28. Rd1 Rc8 29. c7 Ke6 30. g4 Bb4 31. Rd8 1-0

[Event "Vienna op"]
[Site "Vienna"]
[Date "2019.08.20"]
[Round "5"]
[White "Gungl, Theo"]
[Black "Dehmel, Jens"]
[Result "1-0"]
[WhiteElo "2344"]
[BlackElo "2008"]
[PlyCount "81"]
[EventDate "2019.08.17"]
[EventType "swiss"]
[EventRounds "9"]
[EventCountry "AUT"]
[SourceTitle "EXT 2020"]
[Source "ChessBase"]
[SourceDate "2019.10.17"]
[SourceVersion "1"]
[SourceVersionDate "2019.10.17"]
[SourceQuality "1"]

1. e4 e5 2. Nf3 Nc6 3. Bb5 a6 4. Bxc6 dxc6 5. 0-0 Qf6 6. d4 exd4 7. Bg5 Qd6 8. Nxd4 Be7 9. Bxe7 Nxe7 10. Nc3 Bd7 11. Nb3 Qxd1 12. Raxd1 b6 13. Rd2 0-0-0 14. Rfd1 c5 15. f3 Ng6 16. Nd5 Rhe8 17. Ne3 Ne5 18. Kf2 a5 19. Nc1 f6 20. Ne2 Be6 21. Rxd8+ Rxd8 22. Rxd8+ Kxd8 23. a3 Kd7 24. Nf4 Bf7 25. Ke2 c4 26. Kd2 b5 27. Ne2 b4 28. axb4 axb4 29. f4 Nc6 30. c3 b3 31. Nd4 Na5 32. Nef5 g6 33. Nh6 Be8 34. Ng8 Nb7 35. Nxf6+ Ke7 36. Nxh7 Nc5 37. Ng5 Nd3 38. Nxb3 Nxf4 39. Na5 Bb5 40. g3 Nd3 41. b3 1-0

[Event "Bamberg op 2nd"]
[Site "Bamberg"]
[Date "2019.05.31"]
[Round "4"]
[White "Ziegenfuss, Antonia"]
[Black "Dehmel, Jens"]
[Result "1-0"]
[WhiteElo "2111"]
[BlackElo "2006"]
[PlyCount "81"]
[EventDate "2019.05.29"]
[EventType "swiss"]
[EventRounds "7"]
[EventCountry "GER"]
[SourceTitle "CBM 190 Extra"]
[Source "ChessBase"]
[SourceDate "2019.07.15"]
[SourceVersion "1"]
[SourceVersionDate "2019.07.15"]
[SourceQuality "1"]

1. d4 d5 2. c4 c6 3. Nc3 Nf6 4. cxd5 cxd5 5. f3 Nc6 6. e4 e6 7. e5 Ng8 8. Be3 Nge7 9. Bf2 Nf5 10. Bb5 Bd7 11. Nge2 Be7 12. 0-0 Nb4 13. Bxd7+ Qxd7 14. a3 Nc6 15. b4 0-0 16. Rc1 a5 17. Na4 Qd8 18. b5 Na7 19. Qb3 Rc8 20. Rxc8 Nxc8 21. b6 f6 22. Rc1 Rf7 23. Nf4 Qe8 24. Nxe6 Bxa3 25. Nc7 Qf8 26. Ra1 Bb4 27. e6 Rxc7 28. bxc7 Qd6 29. Nc3 Nfe7 30. Na2 Bd2 31. Qxb7 Qxe6 32. Nc1 Bc3 33. Rb1 Bxd4 34. Nd3 Bc3 35. Qb3 Bd2 36. Rd1 Bh6 37. Re1 Qd7 38. Qb8 Kf7 39. Nc5 Qc6 40. Nb7 Bd2 41. Nd8+ 1-0

[Event "Bamberg op 2nd"]
[Site "Bamberg"]
[Date "2019.05.29"]
[Round "1"]
[White "Mooser, Stefan"]
[Black "Dehmel, Jens"]
[Result "1/2-1/2"]
[WhiteElo "2215"]
[BlackElo "2006"]
[PlyCount "74"]
[EventDate "2019.05.29"]
[EventType "swiss"]
[EventRounds "7"]
[EventCountry "GER"]
[SourceTitle "CBM 190 Extra"]
[Source "ChessBase"]
[SourceDate "2019.07.15"]
[SourceVersion "1"]
[SourceVersionDate "2019.07.15"]
[SourceQuality "1"]

1. d4 d5 2. c4 c6 3. Nc3 Nf6 4. e3 e6 5. Nf3 Nbd7 6. Qc2 b6 7. Bd3 Bb7 8. 0-0 Be7 9. b3 dxc4 10. Bxc4 c5 11. Qe2 0-0 12. Rd1 Qc7 13. Bb2 Rad8 14. Rac1 Qb8 15. a3 Qa8 16. dxc5 Nxc5 17. b4 Nce4 18. Nxe4 Nxe4 19. Bd3 Rc8 20. Nd4 Rxc1 21. Rxc1 Rc8 22. Rc2 Nf6 23. Rxc8+ Qxc8 24. e4 a5 25. bxa5 bxa5 26. a4 Qd8 27. Qc2 h6 28. h3 Qb6 29. Bc3 Bc5 30. Nb5 Qd8 31. Bxf6 gxf6 32. Qxc5 Qxd3 33. f3 Qd1+ 34. Kh2 Qxa4 35. Nd6 Qc6 36. Nxb7 Qxb7 37. Qxa5 Qb8+ 1/2-1/2

[Event "Mittelrhein Regionalliga 18/19"]
[Site "Nordrheinwestfalen"]
[Date "2019.05.19"]
[Round "11.6"]
[White "Dehmel, Jens"]
[Black "Statz, Samuel"]
[Result "1-0"]
[WhiteElo "1911"]
[BlackElo "1927"]
[PlyCount "51"]
[EventDate "2018.10.28"]
[EventType "team-tourn"]
[EventRounds "11"]
[EventCountry "GER"]
[SourceTitle "EXT 2022"]
[Source "ChessBase"]
[SourceDate "2021.10.06"]
[SourceVersion "1"]
[SourceVersionDate "2021.10.06"]
[SourceQuality "1"]
[WhiteTeam "Bonn Stadtverwaltung"]
[BlackTeam "Wuerselen"]
[WhiteTeamCountry "GER"]
[BlackTeamCountry "GER"]

1. d4 c5 2. c3 e6 3. Nf3 Nf6 4. Bg5 h6 5. Bh4 b6 6. e3 Be7 7. Bd3 0-0 8. 0-0 Bb7 9. Nbd2 d6 10. Qe2 Nd5 11. Bg3 cxd4 12. exd4 Nc6 13. Rad1 a6 14. Rfe1 b5 15. Bb1 Nf6 16. Qd3 Kh8 17. Bh4 g6 18. Rxe6 Bc8 19. Rxe7 Qxe7 20. Ne4 Bf5 21. Bxf6+ Qxf6 22. Nxf6 Bxd3 23. Bxd3 b4 24. c4 Kg7 25. Nd5 f5 26. Nc7 1-0

[Event "Mittelrhein Regionalliga 18/19"]
[Site "Nordrheinwestfalen"]
[Date "2018.10.28"]
[Round "3.6"]
[White "Dehmel, Jens"]
[Black "Langner, Jasper"]
[Result "0-1"]
[WhiteElo "1925"]
[BlackElo "1752"]
[PlyCount "96"]
[EventDate "2018.10.28"]
[EventType "team-tourn"]
[EventRounds "11"]
[EventCountry "GER"]
[SourceTitle "EXT 2022"]
[Source "ChessBase"]
[SourceDate "2021.10.06"]
[SourceVersion "1"]
[SourceVersionDate "2021.10.06"]
[SourceQuality "1"]
[WhiteTeam "Bonn Stadtverwaltung"]
[BlackTeam "Koeln SF II"]
[WhiteTeamCountry "GER"]
[BlackTeamCountry "GER"]

1. d4 Nf6 2. c4 g6 3. Nc3 d5 4. Nf3 Bg7 5. Qb3 dxc4 6. Qxc4 0-0 7. e4 a6 8. Be2 b5 9. Qb3 c5 10. dxc5 Be6 11. Qc2 Nbd7 12. c6 Nb8 13. 0-0 Nxc6 14. Rd1 Nb4 15. Qb1 Qc7 16. a3 Nc6 17. Nd5 Bxd5 18. exd5 Na5 19. Qa2 Nc4 20. Bxc4 bxc4 21. Be3 Rfd8 22. Rac1 Rac8 23. b3 c3 24. b4 Qb7 25. d6 Rxd6 26. Rxd6 exd6 27. Bd4 Ne4 28. Bxg7 Kxg7 29. Nd4 Qb6 30. Nb3 d5 31. Qe2 Qc6 32. Qd3 Qc4 33. Qxc4 Rxc4 34. Kf1 Kf6 35. Ke2 Nd6 36. Kd3 Nb5 37. a4 Rxb4 38. Nc5 Rd4+ 39. Ke3 Rc4 40. Nxa6 Rxa4 41. Nc5 Ra2 42. Nd3 Ke6 43. Rb1 d4+ 44. Kf3 Nd6 45. Re1+ Kd7 46. Re5 Rd2 47. Nb4 c2 48. Rc5 Rxf2+ 0-1

[Event "Mittelrhein Regionalliga 1718"]
[Site "Nordrheinwestfalen"]
[Date "2018.02.25"]
[Round "7.3"]
[White "Nagel, Bernhard"]
[Black "Dehmel, Jens"]
[Result "1-0"]
[WhiteElo "2189"]
[BlackElo "1982"]
[PlyCount "71"]
[EventDate "2017.09.10"]
[EventType "team-tourn"]
[EventRounds "9"]
[EventCountry "GER"]
[SourceTitle "EXT 2022"]
[Source "ChessBase"]
[SourceDate "2021.10.06"]
[SourceVersion "1"]
[SourceVersionDate "2021.10.06"]
[SourceQuality "1"]
[WhiteTeam "Koeln Lasker"]
[BlackTeam "Bonn Stadtverwaltung"]
[WhiteTeamCountry "GER"]
[BlackTeamCountry "GER"]

1. c4 c6 2. Nf3 d5 3. d4 Nf6 4. Nc3 e6 5. e3 Nbd7 6. Qc2 b6 7. Bd3 Bb7 8. 0-0 Be7 9. b3 dxc4 10. Bxc4 c5 11. Rd1 cxd4 12. Rxd4 0-0 13. Bb2 Qc7 14. Rad1 Rfd8 15. Nb5 Qc6 16. Nd6 Ne5 17. Nxb7 Nxf3+ 18. gxf3 Qxb7 19. Kg2 Rxd4 20. Rxd4 Rc8 21. Qe2 Qc7 22. Qd1 Qc5 23. Qe2 Qg5+ 24. Kh1 h6 25. f4 Qc5 26. Kg2 Nd5 27. Bxd5 exd5 28. Rd2 Qc6 29. Qg4 Bf8 30. Bd4 Qe6 31. f5 Qd7 32. e4 Qc6 33. e5 Bc5 34. Rc2 Qb7 35. f6 g6 36. b4 1-0

[Event "Mittelrhein Regionalliga 1718"]
[Site "Nordrheinwestfalen"]
[Date "2017.11.12"]
[Round "3.5"]
[White "Dehmel, Jens"]
[Black "Bien, Stefan"]
[Result "1-0"]
[WhiteElo "1995"]
[BlackElo "2099"]
[PlyCount "73"]
[EventDate "2017.09.10"]
[EventType "team-tourn"]
[EventRounds "9"]
[EventCountry "GER"]
[SourceTitle "EXT 2022"]
[Source "ChessBase"]
[SourceDate "2021.10.06"]
[SourceVersion "1"]
[SourceVersionDate "2021.10.06"]
[SourceQuality "1"]
[WhiteTeam "Bonn Stadtverwaltung"]
[BlackTeam "Wuerselen"]
[WhiteTeamCountry "GER"]
[BlackTeamCountry "GER"]

1. d4 c6 2. c4 d5 3. Nf3 Nf6 4. Nc3 e6 5. Bg5 Nbd7 6. cxd5 exd5 7. e3 Qa5 8. Nd2 Ne4 9. Ndxe4 dxe4 10. Bh4 Bb4 11. Qc2 0-0 12. Be2 Nb6 13. 0-0 Bxc3 14. bxc3 Bf5 15. Rab1 Rfe8 16. c4 Be6 17. Rfc1 Rac8 18. c5 Nd7 19. Rxb7 Nf8 20. Qxe4 Bxa2 21. Qc2 Ng6 22. Bg3 Bd5 23. Qd1 Qd8 24. Rxa7 Qg5 25. Bf3 Be6 26. Rb1 Ne7 27. Qc1 f5 28. e4 Qg6 29. exf5 Nxf5 30. Be5 Re7 31. Rbb7 Rxb7 32. Rxb7 h5 33. Be4 Qg4 34. f3 Qh4 35. Bxf5 Bxf5 36. Rxg7+ Kf8 37. g3 1-0

[Event "GER-chT Betriebe 17th"]
[Site "Berlin"]
[Date "2017.11.04"]
[Round "6.4"]
[White "Schreiter, Thomas"]
[Black "Dehmel, Jens"]
[Result "0-1"]
[WhiteElo "2016"]
[BlackElo "2082"]
[PlyCount "56"]
[EventDate "2017.11.02"]
[EventType "team-swiss"]
[EventRounds "7"]
[EventCountry "GER"]
[SourceTitle "EXT 2020"]
[Source "ChessBase"]
[SourceDate "2019.10.17"]
[SourceVersion "1"]
[SourceVersionDate "2019.10.17"]
[SourceQuality "1"]
[WhiteTeam "Leipzig Publishing Services"]
[BlackTeam "Bonn Deutsche Post"]
[WhiteTeamCountry "GER"]
[BlackTeamCountry "GER"]

1. d4 d5 2. c4 c6 3. Nf3 Nf6 4. cxd5 cxd5 5. Nc3 Nc6 6. g3 e6 7. Bg2 Be7 8. 0-0 0-0 9. Bf4 Bd7 10. Rc1 a6 11. Qd3 b5 12. e4 Nb4 13. Qb1 dxe4 14. Ng5 Nd3 15. Rcd1 Nd5 16. Ncxe4 N3xf4 17. gxf4 f5 18. Nc5 Nxf4 19. Nf3 Bc6 20. Nxe6 Nxe6 21. d5 Bxd5 22. Ne5 Nf4 23. Nc6 Ne2+ 24. Kh1 Bxg2+ 25. Kxg2 Qe8 26. Qc2 Rc8 27. Qb3+ Kh8 28. Ne5 Bf6 0-1

[Event "GER-chT Betriebe 17th"]
[Site "Berlin"]
[Date "2017.11.03"]
[Round "4.4"]
[White "Launert, Martin"]
[Black "Dehmel, Jens"]
[Result "0-1"]
[WhiteElo "1879"]
[BlackElo "2082"]
[PlyCount "101"]
[EventDate "2017.11.02"]
[EventType "team-swiss"]
[EventRounds "7"]
[EventCountry "GER"]
[SourceTitle "EXT 2020"]
[Source "ChessBase"]
[SourceDate "2019.10.17"]
[SourceVersion "1"]
[SourceVersionDate "2019.10.17"]
[SourceQuality "1"]
[WhiteTeam "Wiesbaden R+V Versicherung"]
[BlackTeam "Bonn Deutsche Post"]
[WhiteTeamCountry "GER"]
[BlackTeamCountry "GER"]

1. e4 e5 2. Nf3 Nc6 3. Bb5 a6 4. Bxc6 dxc6 5. d4 exd4 6. Qxd4 Qxd4 7. Nxd4 Bd7 8. 0-0 0-0-0 9. Nc3 Re8 10. Kh1 c5 11. Nde2 f5 12. Ng3 fxe4 13. Ngxe4 Bf5 14. f3 Nf6 15. Re1 c4 16. Bg5 Nxe4 17. Nxe4 c3 18. bxc3 h6 19. Bh4 Ba3 20. Rab1 Re6 21. Rb3 Bd6 22. Nxd6+ cxd6 23. Rbb1 Rhe8 24. Kg1 Bxc2 25. Rxe6 Rxe6 26. Re1 Rxe1+ 27. Bxe1 Bb1 28. a3 Kd7 29. Kf2 Kc6 30. Ke3 Kb5 31. Kd4 Ka4 32. Kd5 Kxa3 33. Kxd6 b5 34. Kc5 Bd3 35. f4 a5 36. Kd4 Bf5 37. h3 h5 38. Kc5 Bd3 39. Kd4 Bf1 40. g4 hxg4 41. hxg4 Bh3 42. g5 g6 43. c4 b4 44. c5 Kb3 45. c6 a4 46. Ke5 a3 47. Bf2 Kc4 48. c7 b3 49. Kf6 Bf5 50. c8Q+ Bxc8 51. Kxg6 0-1

[Event "GER-chT Betriebe 16th"]
[Site "Dresden"]
[Date "2016.11.03"]
[Round "2.4"]
[White "Dehmel, Jens"]
[Black "Uhlarz, Joerg"]
[Result "1-0"]
[WhiteElo "2075"]
[BlackElo "1743"]
[PlyCount "153"]
[EventDate "2016.11.03"]
[EventType "team-swiss"]
[EventRounds "7"]
[EventCountry "GER"]
[SourceTitle "EXT 2020"]
[Source "ChessBase"]
[SourceDate "2019.10.17"]
[SourceVersion "1"]
[SourceVersionDate "2019.10.17"]
[SourceQuality "1"]
[WhiteTeam "Bonn Deutsche Post"]
[BlackTeam "Stuttgart Wuestenrot&Wuertt"]
[WhiteTeamCountry "GER"]
[BlackTeamCountry "GER"]

1. d4 f5 2. g3 Nf6 3. Bg2 d5 4. Nf3 e6 5. 0-0 Be7 6. c4 0-0 7. Nc3 Ne4 8. Qc2 c6 9. Rb1 a5 10. a3 Bd7 11. b4 axb4 12. axb4 Na6 13. b5 Nb4 14. Qb3 Nxc3 15. Qxc3 Na2 16. Qb3 dxc4 17. Qxc4 cxb5 18. Qb3 Nxc1 19. Rfxc1 Ra3 20. Qb2 Bc6 21. Ne5 Bxg2 22. Kxg2 Qd5+ 23. Kg1 Ra2 24. Qb3 Rxe2 25. Qxd5 exd5 26. Rxb5 f4 27. g4 f3 28. Rxb7 Bd6 29. Rd7 Bxe5 30. dxe5 Rxe5 31. h3 h5 32. Kh2 h4 33. Rcc7 Rg5 34. Ra7 Rf4 35. Rd8+ Rf8 36. Rdd7 Rf4 37. Rd8+ Kh7 38. Raa8 d4 39. Rh8+ Kg6 40. Rad8 Rc5 41. Rxh4 Rc4 42. Rh5 Rf6 43. Rhd5 Rb6 44. Rxd4 Rxd4 45. Rxd4 Rb3 46. Kg3 Kh6 47. h4 g6 48. Rf4 g5 49. Rf6+ Kg7 50. hxg5 Rb5 51. Rf5 Rb4 52. Kxf3 Kg6 53. Kg3 Rb3+ 54. f3 Rb1 55. Re5 Rg1+ 56. Kf4 Rb1 57. Re6+ Kg7 58. Kf5 Rb5+ 59. Re5 Rb7 60. f4 Rc7 61. Rd5 Rf7+ 62. Ke4 Re7+ 63. Re5 Rb7 64. f5 Rb4+ 65. Kf3 Rb3+ 66. Kf4 Rb4+ 67. Re4 Rb7 68. g6 Kf6 69. g5+ Kg7 70. Kg4 Rb1 71. Re7+ Kg8 72. f6 Rb8 73. Kh5 Kf8 74. g7+ Kg8 75. Kg6 Rf8 76. gxf8Q+ Kxf8 77. Ra7 1-0

[Event "Prague Summer op-A 3rd"]
[Site "Prague"]
[Date "2016.08.07"]
[Round "3"]
[White "Vichnar, David"]
[Black "Dehmel, Jens"]
[Result "0-1"]
[WhiteElo "2380"]
[BlackElo "2102"]
[PlyCount "80"]
[EventDate "2016.08.05"]
[EventType "swiss"]
[EventRounds "9"]
[EventCountry "CZE"]
[SourceTitle "CBM 173 Extra"]
[Source "ChessBase"]
[SourceDate "2016.08.29"]
[SourceVersion "1"]
[SourceVersionDate "2016.08.29"]
[SourceQuality "1"]

1. d4 d5 2. c4 c6 3. Nf3 Nf6 4. e3 Bf5 5. Nc3 e6 6. Nh4 Be4 7. f3 Bg6 8. Qb3 Qc7 9. Nxg6 hxg6 10. g3 Nbd7 11. Bg2 Be7 12. Bd2 0-0 13. 0-0 Nb6 14. cxd5 cxd5 15. Nb5 Qd7 16. Bb4 Nc4 17. Bxe7 Qxe7 18. Rfe1 a6 19. Nc3 b5 20. Rad1 Rfd8 21. h3 Rac8 22. Kh2 Na5 23. Qc2 b4 24. Qa4 Nc4 25. Nb1 Nxb2 26. Qxa6 Nxd1 27. Rxd1 Ra8 28. Qe2 Ra4 29. Rd2 Rda8 30. Rb2 Qa7 31. Qd2 Rxa2 32. Qxb4 Rxb2 33. Qxb2 Rb8 34. Qa3 Qxa3 35. Nxa3 Rb3 36. Nc2 Rc3 37. Nb4 Rxe3 38. Kg1 Rb3 39. Nc6 Rb6 40. Ne5 Rb4 0-1

[Event "Mittelrhein Verbandsliga-O 15/16"]
[Site "Nordrheinwestfalen"]
[Date "2015.11.15"]
[Round "4"]
[White "Dehmel, Jens"]
[Black "Simons, Peter"]
[Result "1/2-1/2"]
[WhiteElo "2093"]
[BlackElo "2080"]
[PlyCount "70"]
[EventDate "2015.09.06"]
[EventType "team-tourn"]
[EventRounds "11"]
[EventCountry "GER"]
[SourceTitle "EXT 2022"]
[Source "ChessBase"]
[SourceDate "2021.10.06"]
[SourceVersion "1"]
[SourceVersionDate "2021.10.06"]
[SourceQuality "1"]
[WhiteTeam "Bonn Stadtverwaltung"]
[BlackTeam "Rheinbacher SF"]
[WhiteTeamCountry "GER"]
[BlackTeamCountry "GER"]

1. d4 Nf6 2. c4 c5 3. Nf3 cxd4 4. Nxd4 e5 5. Nb5 d5 6. cxd5 Bc5 7. N5c3 e4 8. Nxe4 Bb4+ 9. Nec3 Nxd5 10. e4 Nxc3 11. Qxd8+ Kxd8 12. bxc3 Ba5 13. Bc4 Re8 14. 0-0 Rxe4 15. Bxf7 Be6 16. Bg5+ Kc8 17. Nd2 Re2 18. Bxe6+ Rxe6 19. Rfe1 Rg6 20. Ne4 Nc6 21. Bf4 Bc7 22. Bxc7 Kxc7 23. Rad1 Re8 24. Rd5 Re7 25. f3 h6 26. Red1 b6 27. h4 Rge6 28. Kf2 Ne5 29. Rd8 Ng4+ 30. Kg3 Ne3 31. R1d3 Rg6+ 32. Kf2 Ng4+ 33. Kf1 Nh2+ 34. Kf2 Ng4+ 35. Kf1 Nh2+ 1/2-1/2

[Event "GER-chT Betriebe 15th"]
[Site "Munich"]
[Date "2015.10.24"]
[Round "5.4"]
[White "Dehmel, Jens"]
[Black "Ortinau, Peter"]
[Result "1-0"]
[WhiteElo "2105"]
[BlackElo "2070"]
[PlyCount "79"]
[EventDate "2015.10.22"]
[EventType "team-swiss"]
[EventRounds "7"]
[EventCountry "GER"]
[SourceTitle "EXT 2020"]
[Source "ChessBase"]
[SourceDate "2019.10.17"]
[SourceVersion "1"]
[SourceVersionDate "2019.10.17"]
[SourceQuality "1"]
[WhiteTeam "Bonn Deutsche Post"]
[BlackTeam "DekaBank DGZ"]
[WhiteTeamCountry "GER"]
[BlackTeamCountry "GER"]

1. d4 d5 2. c4 e6 3. Nc3 c6 4. Nf3 dxc4 5. e3 b5 6. a4 Bb4 7. Bd2 a5 8. axb5 Bxc3 9. Bxc3 cxb5 10. b3 Bb7 11. bxc4 b4 12. Bb2 Nf6 13. Bd3 Nbd7 14. 0-0 0-0 15. Nd2 Qc7 16. Bc2 Nb6 17. c5 Nbd7 18. f4 Nd5 19. Rf3 Nc3 20. Bxc3 Bxf3 21. Nxf3 bxc3 22. Qd3 g6 23. Qxc3 Rfb8 24. Ba4 Nf6 25. Ne5 Rb4 26. Qc2 Rab8 27. Bc6 Rb2 28. Qd3 Ng4 29. Nxg4 Qxc6 30. e4 R8b3 31. Qc4 Rb4 32. Qd3 R4b3 33. Qc4 Rb4 34. Qd3 h5 35. Ne5 Qb7 36. h3 R4b3 37. c6 Qb6 38. Qc4 Rb4 39. Qc5 Qxc5 40. dxc5 1-0

[Event "Vienna op"]
[Site "Vienna"]
[Date "2015.08.15"]
[Round "1"]
[White "Hawkins, Jonathan J"]
[Black "Dehmel, Jens"]
[Result "1/2-1/2"]
[WhiteElo "2554"]
[BlackElo "2078"]
[PlyCount "98"]
[EventDate "2015.08.15"]
[EventType "swiss"]
[EventRounds "9"]
[EventCountry "AUT"]
[SourceTitle "EXT 2016"]
[Source "ChessBase"]
[SourceDate "2015.10.08"]
[SourceVersion "1"]
[SourceVersionDate "2015.10.08"]
[SourceQuality "1"]

1. d4 d5 2. c4 c6 3. Nc3 Nf6 4. cxd5 cxd5 5. f3 Nc6 6. e4 e6 7. e5 Ng8 8. Be3 Nge7 9. Qd2 Nf5 10. Bf2 Be7 11. f4 0-0 12. Nf3 Bd7 13. Bd3 Nh4 14. Nxh4 Bxh4 15. 0-0 Bxf2+ 16. Rxf2 Qb6 17. Rd1 Qxd4 18. Bxh7+ Kxh7 19. Qc2+ Kg8 20. Rxd4 Nxd4 21. Qd3 Nf5 22. g4 Ne7 23. f5 Rac8 24. f6 Ng6 25. fxg7 Kxg7 26. Qf3 Rc4 27. Qf6+ Kg8 28. g5 Rg4+ 29. Kf1 d4 30. Ne2 Bb5 31. Qf3 Nxe5 32. Qxb7 a6 33. a4 Bxa4 34. Qxa6 Bb3 35. Rg2 Rxg2 36. Kxg2 d3 37. Nc3 d2 38. Qb5 Bd5+ 39. Kf2 Rc8 40. Qe2 Rxc3 41. bxc3 Nc4 42. Qd1 e5 43. g6 fxg6 44. Qb1 e4 45. Ke2 Kg7 46. Qb8 e3 47. Qa7+ Kh6 48. Qd4 Be6 49. Qe4 Bf7 1/2-1/2

[Event "Canadian op U2400"]
[Site "Montreal"]
[Date "2014.07.26"]
[Round "9"]
[White "Dehmel, Jens"]
[Black "Lopez Linares, Lizandro Fernando"]
[Result "1/2-1/2"]
[WhiteElo "2067"]
[BlackElo "2025"]
[PlyCount "89"]
[EventDate "2014.07.19"]
[EventType "swiss"]
[EventRounds "9"]
[EventCountry "CAN"]
[SourceTitle "EXT 2022"]
[Source "ChessBase"]
[SourceDate "2021.10.06"]
[SourceVersion "1"]
[SourceVersionDate "2021.10.06"]
[SourceQuality "1"]

1. d4 Nf6 2. c4 c5 3. Nf3 cxd4 4. Nxd4 Nc6 5. g3 d6 6. Bg2 Bd7 7. 0-0 g6 8. Nc3 Bg7 9. h3 0-0 10. Be3 Qc8 11. Kh2 Nxd4 12. Bxd4 Qxc4 13. Bxb7 Rab8 14. Bf3 e5 15. Bxa7 Rxb2 16. Rc1 Qa6 17. Be3 Rfb8 18. Qd3 Qa3 19. Rfd1 e4 20. Nxe4 Qxd3 21. Nxf6+ Bxf6 22. Rxd3 Rxa2 23. Rxd6 Be6 24. Kg2 Be5 25. Rd2 Kg7 26. Rxa2 Bxa2 27. Rd1 Be6 28. Bd4 Kf6 29. Bxe5+ Kxe5 30. Ra1 Rb5 31. g4 h6 32. Ra8 Kf6 33. Kg3 Rb3 34. h4 Rc3 35. Ra5 g5 36. e3 Rd3 37. Be4 Rd2 38. f4 gxf4+ 39. exf4 Ra2 40. g5+ Kg7 41. Rc5 Ra3+ 42. Bf3 hxg5 43. hxg5 Kg6 44. Kf2 Ra2+ 45. Kg3 1/2-1/2